| 000 | 00564nam a22001697a 4500 | ||
|---|---|---|---|
| 999 |
_c60787 _d60787 |
||
| 005 | 20231023103323.0 | ||
| 008 | 231023s1970 ru ||||| |||| 00| 0 geo d | ||
| 041 | _arus | ||
| 080 | _a087+069 Г-15 | ||
| 100 |
_aГаланина, Людмила _920172 |
||
| 245 |
_aСкифы / _cЛ. К. Галанина, И. П. Засецкая. |
||
| 264 |
_aЛенинград: _bАврора, _c1970. |
||
| 300 |
_a96 стр.: _bил.; _c16 см. |
||
| 653 | _aსკვითები | ||
| 700 |
_aЗасецкая, И. П. _eავტორი _920173 |
||
| 942 |
_2udc _cBK |
||